CS:GO - Faceit Major 2018 - All teams and players - Statistics

General Stats
  • This quiz has been taken 5 times
  • The average score is 56 of 144
Answer Stats
Hint Answer % Correct
15-16th Natus Vincere
100%
1st Astralis
67%
autimatic
67%
BIG
67%
bodyy
67%
Boombl4
67%
chopper
67%
Cloud9
67%
coldzera
67%
dennis
67%
9-11th device
67%
3-4th dupreeh
67%
17-19th Edward
67%
EliGE
67%
f0rest
67%
FalleN
67%
FaZe
67%
fer
67%
23-24th flamie
67%
flusha
67%
fnatic
67%
G2
67%
Gambit
67%
GeT_RiGhT
67%
5-8th gla1ve
67%
GuardiaN
67%
JW
67%
karrigan
67%
kennyS
67%
Liquid
67%
12-14th Magisk
67%
MIBR
67%
mou
67%
MOUZ
67%
NiKo
67%
niko
67%
Ninjas in Pyjamas
67%
nitr0
67%
North
67%
olofmeister
67%
OpTic
67%
rain
67%
Renegades
67%
Rogue
67%
RUSH
67%
s1mple
67%
sdy
67%
shox
67%
Skadoodle
67%
Space Soldiers
67%
Spirit
67%
stanislaw
67%
Stewie2K
67%
tabseN
67%
TACO
67%
tarik
67%
Twistzz
67%
Vega Squadron
67%
Virtus.pro
67%
XANTARES
67%
Xizt
67%
2nd Xyp9x
67%
20-22nd Zeus
67%
AdreN
33%
aizy
33%
AZR
33%
byali
33%
cadiaN
33%
cajunb
33%
Calyx
33%
chrisJ
33%
Complexity
33%
Dosia
33%
draken
33%
electroNic
33%
gob b
33%
Golden
33%
HellRaisers
33%
Hiko
33%
HObbit
33%
jkaem
33%
jks
33%
k0nfig
33%
Kjaerbye
33%
KRIMZ
33%
MAJ3R
33%
MICHU
33%
mir
33%
MSL
33%
NAF
33%
NEO
33%
Nifty
33%
oskar
33%
pashaBiceps
33%
paz
33%
REZ
33%
Rickeh
33%
ropz
33%
snatchie
33%
Snax
33%
somebody
33%
suNny
33%
TYLOO
33%
valde
33%
Winstrike
33%
ANDROID
0%
ANGE1
0%
balblna
0%
BnTeT
0%
bondik
0%
captainMo
0%
COLDYY1
0%
crush
0%
DavCost
0%
DD
0%
DeadFox
0%
dephh
0%
Dimaoneshot
0%
Ex6TenZ
0%
gade
0%
hardstyle
0%
hutji
0%
ISSAA
0%
jmqa
0%
jR
0%
JUGi
0%
Kvik
0%
Lekr0
0%
nex
0%
S0tF1k
0%
ShahZaM
0%
SicK
0%
SmithZz
0%
smooya
0%
Snappi
0%
STYKO
0%
tiziaN
0%
tonyblack
0%
USTILO
0%
vice
0%
waterfaLLZ
0%
woxic
0%
xccurate
0%
yay
0%
No matching quizzes found
Score Distribution
Percent of People with Each Score
Percentile by Number Answered
Your Score History
You have not taken this quiz